000 00429nam a2200181Ia 4500
008 230524s9999 xx 000 0 und d
020 _a9788131708071
082 _a4.15
_bGRA
100 _aA.Grama
245 0 _aIntroduction to Parallel Computing
250 _a2ND
260 _aNEW DELHI
_bPearson
_c2004
300 _aXV;621
500 _aQuantity Number: 166
650 _aComp-Sc
700 _a A.Gupta
942 _cBK
999 _c28989
_d28989